000 00988nam a22003017a 4500
003 CHAP
005 20220329140130.0
008 971013s1981 r 00010 d
010 _a47451
011 _a48423
035 _a52569
040 _cCHAP
090 _aFolleto 7254
100 0 0 _aVan Holsteijn, H. M. C.
_9117772
245 _aPhotosynthesis of lettuce
260 _aWageningen :
_bVeenman & Zonen,
_c1981
300 _av.
500 _aLa biblioteca tiene: v.1 Results with cultivar Amanda plus.- v.2 Results with Butterhead, cos-and Iveberg lecttuce cultivas
590 _aBATCH-UPD
_b10
_c20130110
_lUCH01
_h1822
590 _aBATCH-UPD
_b10
_c20130410
_lUCH01
_h1155
590 _aBATCH-UPD
_b10
_c20130914
_lUCH01
_h1434
590 _aCONVERSION
_b10
_c20130109
_lUCH01
_h1326
650 1 4 _aFotosíntesis.
_942737
650 1 4 _aLechuga
_xFisiología y morfología.
_965461
901 _aBK
942 _cFOLL
949 _aFolleto 7254
_bBC
_cFOLL
_d-117027
_eTS1
_i52569
_mD
_si
999 _c47451
_d47451